| 000 | 00553nam a22001697a 4500 | ||
|---|---|---|---|
| 999 |
_c15244 _d15244 |
||
| 003 | OSt | ||
| 082 | _2631.587 RIN/PE | ||
| 088 | _aT 84 | ||
| 100 |
_aS. RINI RANI _92847 |
||
| 245 | _aPerformance evaluation of high discharge low head pumps | ||
| 260 |
_aTavanur 1998 _bKelappaji College of Agricultural Engineering and Technology |
||
| 300 | _a137 | ||
| 500 | _aPerformance evaluation of high discharge low head pumps | ||
| 520 | _aPerformance evaluation of high discharge low head pumps | ||
| 700 |
_aDr. K. John Thomas (Guide) _92139 |
||
| 942 | _cTH | ||